000
00237nam a2200097Ia 4500
005
20251222114355.0
008
251222s1900||||xx |||||||||||||| ||spa||
082
_a
DVD0111/H28/2008
245
0
_a
Horton y el mundo de los quiƩn:
942
_c
DVD
999
_c
1404
_d
1404